• 首页
  • 本馆介绍
  • 公告通知
  • 最新文献
  • 馆藏检索
  • 电子资源
  • 读者导购
  • 参考咨询
  • 我的图书馆
  • 登录
  • 详细信息显示
  • 放入我的书架
  • 预约/预借图书
  • 作者相关作品
  • 分类相关作品
  • 丛书相关作品
  • 出版社相关作品

书目信息

  • 表格格式
  • 工作单格式
  • 卡片格式
题名:
说话心理学
    
 
作者: 鸿图 编著
分册:  
出版信息: 北京   海潮出版社  2013
页数: 258页
开本: 24cm
丛书名:
单 册:
中图分类: C912.13
科图分类:
主题词: 人际关系--语言艺术--通俗读物
电子资源:
ISBN: 978-7-5157-0223-0
000 00787nam0 2200241 450
001 012001000211
005 20140920091301.0
010    @a978-7-5157-0223-0@dCNY29.80
100    @a20130407d2013 em y0chiy50 ea
101 0  @achi
102    @aCN@b110000
105    @ay z 000yy
106    @ar
200 1  @a说话心理学@9Shuo Hua Xin Li Xue@dSpeaking psychology@f鸿图编著@zeng
210    @a北京@c海潮出版社@d2013
215    @a258页@d24cm
330    @a本书共十一章,内容包括:察言观色原理:操纵人情往来的基本技术;倾听定律:尽力用心去听,就能听到信任、支持和力量等。
510 1  @aSpeaking psychology@zeng
606 0  @a人际关系@x语言艺术@j通俗读物
690    @aC912.13@v5
701  0 @a鸿图@9Hong Tu@4编著
801  0 @aCN@b上海新华@c20180901
905    @b1041043-47@dC912.13@e1419@f5
    
    说话心理学=Speaking psychology/鸿图编著.-北京:海潮出版社,2013
    258页;24cm
    
    
    ISBN 978-7-5157-0223-0:CNY29.80
    本书共十一章,内容包括:察言观色原理:操纵人情往来的基本技术;倾听定律:尽力用心去听,就能听到信任、支持和力量等。
●
相关链接 在E读中查询图书 在五车中查询图书 在当当中查询图书 在豆瓣中查询图书


正题名:说话心理学     索取号:C912.13/1419         预约/预借

序号 登录号 条形码 馆藏地/架位号 状态 备注
1 1041043   210410438   第一样本阅览室/ [索取号:C912.13/1419] 在馆    
2 1041044   210410447   第一借阅区/ [索取号:C912.13/1419] 在馆    
3 1041045   210410456   第一借阅区/ [索取号:C912.13/1419] 在馆    
4 1041046   210410465   第一借阅区/ [索取号:C912.13/1419] 在馆    
5 1041047   210410474   第一借阅区/ [索取号:C912.13/1419] 在馆    
唐山师范学院图书馆 欢迎您!
大连网信软件有限公司© 版权所有